[Event "Heraklion op 27th"]
[Site "Heraklion"]
[Date "2019.09.07"]
[Round "6"]
[White "Xirouhakis, Emmanouil"]
[Black "Mavridis, Emmanouil"]
[Result "1-0"]
[WhiteElo "1574"]
[BlackElo "1268"]
[PlyCount "115"]
[EventDate "2019.09.03"]
[EventType "swiss"]
[EventRounds "9"]
[EventCountry "GRE"]
[SourceTitle "EXT 2020"]
[Source "ChessBase"]
[SourceDate "2019.10.17"]
[SourceVersion "1"]
[SourceVersionDate "2019.10.17"]
[SourceQuality "1"]

1. d4 d5 2. c4 e6 3. Nc3 Be7 4. Nf3 Nf6 5. e3 0-0 6. Qc2 c6 7. Bd3 Nbd7 8. 0-0 dxc4 9. Bxc4 Nb6 10. Bd3 Nbd5 11. a3 Qb6 12. Na4 Qc7 13. e4 Nb6 14. Nxb6 Qxb6 15. e5 Nd5 16. Bxh7+ Kh8 17. Be4 c5 18. Bxd5 exd5 19. dxc5 Qxc5 20. Qxc5 Bxc5 21. b4 Bb6 22. Bb2 Bg4 23. Nd4 Rfe8 24. h3 Bd7 25. Rfe1 Rac8 26. Rad1 Ba4 27. Rd2 f6 28. Rde2 Kg8 29. Kh1 fxe5 30. Rxe5 g6 31. f3 Bc7 32. Rxe8+ Rxe8 33. Rxe8+ Bxe8 34. Ne6 Bd6 35. Bd4 b6 36. Be3 Bd7 37. Nd4 Kf7 38. f4 Be7 39. Nf3 Bf6 40. Bd4 Bxd4 41. Nxd4 Ke7 42. g4 Kd6 43. Kg2 a5 44. Kg3 axb4 45. axb4 Ke7 46. f5 gxf5 47. gxf5 Kf6 48. Kf4 Be8 49. h4 b5 50. Nc2 Bd7 51. Ne3 Bc6 52. Ng4+ Kg7 53. Ne5 Be8 54. Kg5 d4 55. f6+ Kf8 56. Kf4 Bh5 57. Ke4 d3 58. Kxd3 1-0

[Event "Heraklion op 21st"]
[Site "Heraklion"]
[Date "2017.09.07"]
[Round "6"]
[White "Xirouhakis, Emmanouil"]
[Black "Konstantinomanolakis, Stavros"]
[Result "1/2-1/2"]
[WhiteElo "1428"]
[BlackElo "1486"]
[PlyCount "91"]
[EventDate "2017.09.03"]
[EventType "swiss"]
[EventRounds "9"]
[EventCountry "GRE"]
[SourceTitle "CBM 180 Extra"]
[Source "ChessBase"]
[SourceDate "2017.10.06"]
[SourceVersion "1"]
[SourceVersionDate "2017.10.06"]
[SourceQuality "1"]

1. c4 Nf6 2. d4 e6 3. Nc3 Bb4 4. a3 Bxc3+ 5. bxc3 0-0 6. Bg5 d5 7. e3 b6 8. Nf3 Nbd7 9. Be2 Bb7 10. 0-0 h6 11. Bh4 g5 12. Bg3 Ne4 13. Qc2 f5 14. h3 Nxg3 15. fxg3 Qf6 16. Nd2 e5 17. cxd5 Bxd5 18. c4 Bb7 19. Bf3 Bxf3 20. Nxf3 e4 21. Nd2 Rae8 22. Qa4 Qd6 23. Rf2 f4 24. gxf4 gxf4 25. Re1 fxe3 26. Rxf8+ Rxf8 27. Nxe4 Qxd4 28. Ng3 e2+ 29. Kh2 Ne5 30. Rxe2 Qxc4 31. Qd1 Ng6 32. Qd7 Qf7 33. Qg4 Kh7 34. Re6 Nf4 35. Re5 Qg7 36. Qxg7+ Kxg7 37. Re7+ Rf7 38. Nf5+ Kf6 39. Rxf7+ Kxf7 40. Nxh6+ Kg6 41. Ng4 c5 42. Kg3 Kf5 43. Kf3 b5 44. Nh6+ Kg6 45. Kxf4 Kxh6 46. Ke4 1/2-1/2

[Event "Heraklion op 16th"]
[Site "Heraklion"]
[Date "2016.01.10"]
[Round "9"]
[White "Xirouhakis, Emmanouil"]
[Black "Loukopoulos, Panagiotis Athanasi"]
[Result "0-1"]
[WhiteElo "1325"]
[BlackElo "1731"]
[PlyCount "78"]
[EventDate "2016.01.03"]
[EventType "swiss"]
[EventRounds "9"]
[EventCountry "GRE"]
[SourceTitle "EXT 2024"]
[Source "ChessBase"]
[SourceDate "2023.10.10"]
[SourceVersion "1"]
[SourceVersionDate "2023.10.10"]
[SourceQuality "1"]

1. c4 e6 2. b3 Nf6 3. Bb2 d5 4. e3 c5 5. Nf3 Bd6 6. cxd5 exd5 7. Be2 0-0 8. 0-0 Bg4 9. d4 Nc6 10. Nc3 Bxf3 11. Bxf3 cxd4 12. exd4 Ne7 13. Re1 a6 14. Rc1 Ng6 15. Ne2 Nh4 16. Ng3 Nxf3+ 17. Qxf3 Qa5 18. a4 Rfe8 19. Re3 Rxe3 20. Qxe3 Re8 21. Qd3 h6 22. Nf1 Qd8 23. Rc2 Qb6 24. Bc1 Bb8 25. Be3 Qd6 26. Qf5 Nd7 27. g3 Nf6 28. Rc8 Qe7 29. Rxe8+ Qxe8 30. Bxh6 Qf8 31. Qxf6 gxf6 32. Bxf8 Kxf8 33. Ne3 Ba7 34. Nxd5 Bxd4 35. Kg2 Kg7 36. Kf3 Kg6 37. Ne3 f5 38. Kf4 f6 39. f3 Be5# 0-1

[Event "Heraklion op 16th"]
[Site "Heraklion"]
[Date "2016.01.08"]
[Round "7"]
[White "Xirouhakis, Emmanouil"]
[Black "Brokalakis Gounaris, Christos"]
[Result "0-1"]
[WhiteElo "1325"]
[BlackElo "1560"]
[PlyCount "80"]
[EventDate "2016.01.03"]
[EventType "swiss"]
[EventRounds "9"]
[EventCountry "GRE"]
[SourceTitle "EXT 2024"]
[Source "ChessBase"]
[SourceDate "2023.10.10"]
[SourceVersion "1"]
[SourceVersionDate "2023.10.10"]
[SourceQuality "1"]

1. c4 c6 2. b3 d5 3. e3 Nf6 4. Bb2 Bf5 5. Nf3 e6 6. d4 Bb4+ 7. Nbd2 0-0 8. a3 Bd6 9. c5 Bc7 10. Be2 Nbd7 11. 0-0 Re8 12. Nh4 Bg6 13. Nxg6 hxg6 14. Nf3 e5 15. dxe5 Nxe5 16. Nxe5 Bxe5 17. Qd2 Ne4 18. Qc2 Bxb2 19. Qxb2 Nxc5 20. b4 Ne4 21. Rfd1 Qh4 22. Bf3 g5 23. Rd4 Re6 24. h3 f5 25. Qe2 Rh6 26. Bxe4 fxe4 27. Qg4 Qxg4 28. hxg4 Rf8 29. Rf1 Kf7 30. f3 exf3 31. gxf3 Rfh8 32. Kf2 Rh2+ 33. Ke1 Ra2 34. Rd2 Rxa3 35. Ke2 Rh2+ 36. Rf2 Rxf2+ 37. Kxf2 Ke6 38. Rb2 b5 39. Ke2 a5 40. bxa5 Rxa5 0-1